000 00530nam a2200181Ia 4500
005 20250923144858.0
008 008 250917s9999 xx 000 0 eng d
037 _aTextual
040 _aDSWL
_beng
_cDSWL
041 _aeng
_2eng
084 _aV653:1:N6, K2
_qDSWL
100 _aNeres, Philip
_9829358
245 0 _aFrench-Speaking West Africa
_cby Philip Neres
260 _aLondon
_b Oxford University
_c1962
300 _aviii,101p.
942 _cTEXL
_hV653:1:N6, K2
999 _c1444497
_d1444497